[Event "Pardubice rapid op 33rd"]
[Site "Pardubice"]
[Date "2022.07.21"]
[Round "4"]
[White "Akesson, Ralf"]
[Black "Silar, Lubomir"]
[Result "1-0"]
[WhiteElo "2427"]
[BlackElo "1993"]
[PlyCount "81"]
[EventDate "2022.07.20"]
[EventType "swiss (rapid)"]
[EventRounds "9"]
[EventCountry "CZE"]
[SourceTitle "CBM 209 Extra"]
[Source "ChessBase"]
[SourceDate "2022.09.30"]
[SourceVersion "1"]
[SourceVersionDate "2022.09.30"]
[SourceQuality "1"]

1. Nf3 d5 2. d4 Nf6 3. c4 e6 4. g3 Be7 5. Bg2 Nbd7 6. Qc2 0-0 7. 0-0 c5 8. cxd5 Nxd5 9. a3 cxd4 10. Nxd4 Qb6 11. Rd1 Bf6 12. Nb3 Qc6 13. Qxc6 bxc6 14. Na5 Rb8 15. Nxc6 Rb6 16. Nb4 Nxb4 17. axb4 Rxb4 18. Rxa7 Nb6 19. Ra2 Nc4 20. Nc3 Rb3 21. Rd3 Bb7 22. Ne4 Rb6 23. Nxf6+ gxf6 24. Rc3 Bxg2 25. Kxg2 Ne5 26. Be3 Rb5 27. b4 Rd8 28. f4 Ng4 29. Bc5 Rc8 30. h3 Nh6 31. g4 Kg7 32. Ra7 Ng8 33. Rd3 Rbxc5 34. bxc5 Rxc5 35. Rdd7 Nh6 36. Kf3 Kg6 37. e3 Rb5 38. h4 Rc5 39. g5 Nf5 40. Rxf7 fxg5 41. hxg5 1-0

[Event "CZE-chT2D 1314"]
[Site "Czech Republic"]
[Date "2014.03.02"]
[Round "9.3"]
[White "Silar, Lubomir"]
[Black "Ringel, Zbynek"]
[Result "0-1"]
[WhiteElo "2176"]
[BlackElo "2249"]
[PlyCount "58"]
[EventDate "2013.11.03"]
[EventType "team-tourn"]
[EventRounds "11"]
[EventCountry "CZE"]
[SourceTitle "EXT 2016"]
[Source "ChessBase"]
[SourceDate "2015.10.08"]
[SourceVersion "1"]
[SourceVersionDate "2015.10.08"]
[SourceQuality "1"]
[WhiteTeam "Polabiny II"]
[BlackTeam "Rychnov nad Kneznou"]
[WhiteTeamCountry "CZE"]
[BlackTeamCountry "CZE"]

1. e4 c5 2. Nf3 Nc6 3. d4 cxd4 4. Nxd4 Nf6 5. Nc3 d6 6. Be2 e6 7. Be3 Be7 8. 0-0 0-0 9. Qd2 a6 10. a4 Qc7 11. Nxc6 bxc6 12. f4 d5 13. e5 Nd7 14. Bf3 Rb8 15. Nd1 c5 16. c3 c4 17. Bd4 Nc5 18. Bxc5 Bxc5+ 19. Kh1 Bd7 20. Re1 f6 21. f5 fxe5 22. fxe6 Rxf3 23. exd7 Rd3 24. Qg5 Qxd7 25. Qxe5 Rf8 26. Qe2 Qf5 27. Rc1 Rd2 28. Qf3 Qxf3 29. gxf3 Rxf3 0-1

[Event "CZE-chT2D 1314"]
[Site "Czech Republic"]
[Date "2014.01.05"]
[Round "5.3"]
[White "Hlavnicka, Jiri"]
[Black "Silar, Lubomir"]
[Result "1/2-1/2"]
[WhiteElo "2199"]
[BlackElo "2176"]
[PlyCount "21"]
[EventDate "2013.11.03"]
[EventType "team-tourn"]
[EventRounds "11"]
[EventCountry "CZE"]
[SourceTitle "EXT 2016"]
[Source "ChessBase"]
[SourceDate "2015.10.08"]
[SourceVersion "1"]
[SourceVersionDate "2015.10.08"]
[SourceQuality "1"]
[WhiteTeam "Pardubice AKIS"]
[BlackTeam "Polabiny II"]
[WhiteTeamCountry "CZE"]
[BlackTeamCountry "CZE"]

1. d4 e6 2. Nf3 c5 3. g3 cxd4 4. Nxd4 Nf6 5. Bg2 d5 6. 0-0 Be7 7. c4 0-0 8. cxd5 Nxd5 9. e4 Nb4 10. Na3 N8c6 11. Nxc6 1/2-1/2

[Event "CZE-chT1E 1213"]
[Site "Czech Republic"]
[Date "2013.03.17"]
[Round "9.5"]
[White "Kulovana, Eva"]
[Black "Silar, Lubomir"]
[Result "1/2-1/2"]
[WhiteElo "2251"]
[BlackElo "2161"]
[PlyCount "30"]
[EventDate "2012.10.21"]
[EventType "team-tourn"]
[EventRounds "11"]
[EventCountry "CZE"]
[SourceTitle "EXT 2014"]
[Source "ChessBase"]
[SourceDate "2013.11.20"]
[SourceVersion "1"]
[SourceVersionDate "2013.11.20"]
[SourceQuality "1"]
[WhiteTeam "Trebic Caissa"]
[BlackTeam "Polabiny II"]
[WhiteTeamCountry "CZE"]
[BlackTeamCountry "CZE"]

1. e4 c5 2. Nf3 Nc6 3. Bb5 g6 4. Bxc6 dxc6 5. d3 Bg7 6. h3 Nf6 7. Nc3 Nd7 8. Be3 Qa5 9. Qd2 Qb4 10. Nd1 Qxd2+ 11. Nxd2 b6 12. 0-0 Ba6 13. a3 0-0-0 14. Rb1 Ne5 15. Re1 h6 1/2-1/2

[Event "CZE-chT1E 1213"]
[Site "Czech Republic"]
[Date "2013.02.10"]
[Round "7.6"]
[White "Silar, Lubomir"]
[Black "Rabatin, Jakub"]
[Result "1-0"]
[WhiteElo "2161"]
[BlackElo "2209"]
[PlyCount "109"]
[EventDate "2012.10.21"]
[EventType "team-tourn"]
[EventRounds "11"]
[EventCountry "CZE"]
[SourceTitle "EXT 2014"]
[Source "ChessBase"]
[SourceDate "2013.11.20"]
[SourceVersion "1"]
[SourceVersionDate "2013.11.20"]
[SourceQuality "1"]
[WhiteTeam "Polabiny II"]
[BlackTeam "Beskydy Chess School II"]
[WhiteTeamCountry "CZE"]
[BlackTeamCountry "CZE"]

1. d4 Nf6 2. Bg5 Ne4 3. Bf4 c5 4. f3 Qa5+ 5. c3 Nf6 6. d5 d6 7. e4 g6 8. Nd2 Nbd7 9. Nc4 Qc7 10. a4 b6 11. Nh3 Bg7 12. Qd2 0-0 13. Be2 a6 14. 0-0 Bb7 15. Bh6 Rfb8 16. Bxg7 Kxg7 17. Qg5 h6 18. Qg3 b5 19. axb5 axb5 20. Ne3 c4 21. Nf5+ Kh7 22. Nd4 Qb6 23. Kh1 Ra4 24. Qh4 Re8 25. g4 Kg7 26. g5 hxg5 27. Qxg5 Rh8 28. Nf4 Ne5 29. Rg1 Rxa1 30. Rxa1 b4 31. Qg1 Nfd7 32. Ra7 Bc8 33. Nf5+ Kf6 34. Qxb6 Nxb6 35. Nxe7 Bd7 36. Nc6 Nxc6 37. dxc6 Bxc6 38. cxb4 Rc8 39. Ra5 Ba8 40. Kg2 Bb7 41. Rb5 Rc6 42. Kf2 Kg7 43. Ke3 Bc8 44. Ra5 Bd7 45. Kd4 Rc8 46. Nd5 Nxd5 47. Rxd5 Be6 48. Rxd6 Rh8 49. Bxc4 Bxc4 50. Kxc4 Rxh2 51. Kc3 Rh3 52. Rd3 Kf6 53. b5 Ke6 54. b6 Rh8 55. Kb4 1-0

[Event "CZE-chT1E 1213"]
[Site "Czech Republic"]
[Date "2012.12.09"]
[Round "4.5"]
[White "Silar, Lubomir"]
[Black "Dvorak, Martin"]
[Result "0-1"]
[WhiteElo "2161"]
[BlackElo "2186"]
[PlyCount "114"]
[EventDate "2012.10.21"]
[EventType "team-tourn"]
[EventRounds "11"]
[EventCountry "CZE"]
[SourceTitle "EXT 2014"]
[Source "ChessBase"]
[SourceDate "2013.11.20"]
[SourceVersion "1"]
[SourceVersionDate "2013.11.20"]
[SourceQuality "1"]
[WhiteTeam "Polabiny II"]
[BlackTeam "Kromeriz"]
[WhiteTeamCountry "CZE"]
[BlackTeamCountry "CZE"]

1. d4 d5 2. Nf3 c6 3. Bf4 Nf6 4. e3 e6 5. Bxb8 Rxb8 6. Bd3 Be7 7. Nbd2 Qb6 8. Rb1 c5 9. c3 c4 10. Bc2 Qc7 11. 0-0 b5 12. e4 dxe4 13. Nxe4 Nd5 14. Ne5 g6 15. Qd2 f6 16. Nf3 Qf4 17. Rfe1 Qxd2 18. Nexd2 Kf7 19. a4 a6 20. axb5 axb5 21. Ra1 Bb7 22. Ra7 Rhc8 23. Be4 Bc6 24. Rea1 Ra8 25. Rxa8 Rxa8 26. Rxa8 Bxa8 27. b3 cxb3 28. Nxb3 Ba3 29. Na5 Ke8 30. c4 Bb4 31. cxd5 Bxa5 32. Bd3 b4 33. dxe6 b3 34. Kf1 Bd5 35. Ke2 Bc3 36. Ke3 f5 37. Nd2 f4+ 38. Ke2 Bxd4 39. g3 fxg3 40. hxg3 Ke7 41. Ne4 Bxe6 42. Ng5 Bg8 43. f4 Kd6 44. f5 gxf5 45. Bxf5 h6 46. Nf3 Bf6 47. Nd2 Ke5 48. Bd3 Kd4 49. Nxb3+ Bxb3 50. Ba6 Bd5 51. Kf2 Bg5 52. g4 Ke4 53. Bc8 Kf4 54. Bd7 Bh4+ 55. Kg1 Kg3 56. Bb5 Be7 57. Bd7 Bg2 0-1

[Event "CZE-chT2D 1112"]
[Site "Czech Republic"]
[Date "2012.02.19"]
[Round "8.4"]
[White "Silar, Lubomir"]
[Black "Vacek, Martin"]
[Result "1-0"]
[WhiteElo "2154"]
[BlackElo "2259"]
[PlyCount "79"]
[EventDate "2011.10.09"]
[EventType "team-tourn"]
[EventRounds "11"]
[EventCountry "CZE"]
[SourceTitle "EXT 2013"]
[Source "ChessBase"]
[SourceDate "2012.11.22"]
[SourceVersion "1"]
[SourceVersionDate "2012.11.22"]
[SourceQuality "1"]
[WhiteTeam "Polabiny III"]
[BlackTeam "Hradec Kralove II"]
[WhiteTeamCountry "CZE"]
[BlackTeamCountry "CZE"]

1. d4 Nf6 2. Nf3 d6 3. c4 g6 4. Nc3 Bg7 5. e4 0-0 6. Be2 c6 7. 0-0 Bg4 8. h3 Bxf3 9. Bxf3 Nbd7 10. Be3 Ne8 11. Qd2 Nc7 12. Rad1 a6 13. Be2 b5 14. b3 Rb8 15. f4 c5 16. cxb5 cxd4 17. Bxd4 Bxd4+ 18. Qxd4 axb5 19. e5 Rb6 20. exd6 exd6 21. f5 Qe7 22. fxg6 hxg6 23. Bf3 Qe5 24. Rfe1 Qxd4+ 25. Rxd4 Ne5 26. Bd5 b4 27. Ne4 Nb5 28. Rd2 Rc8 29. Nxd6 Rxd6 30. Rxe5 Rcd8 31. Bxf7+ Kxf7 32. Rf2+ Kg7 33. Rxb5 Rd4 34. Rb7+ Kh6 35. Kh2 Kg5 36. Rb6 Kh5 37. Rff6 Rg8 38. Rfc6 Kg5 39. Rc5+ Kf4 40. Rcb5 1-0

[Event "CZE-chT1E 1112"]
[Site "Czech Republic"]
[Date "2012.02.12"]
[Round "8"]
[White "Silar, Lubomir"]
[Black "Macharacek, Simon"]
[Result "1-0"]
[WhiteElo "2154"]
[BlackElo "2186"]
[PlyCount "89"]
[EventDate "2011.10.02"]
[EventType "team-tourn"]
[EventRounds "11"]
[EventCountry "CZE"]
[SourceTitle "EXT 2013"]
[Source "ChessBase"]
[SourceDate "2012.11.22"]
[SourceVersion "1"]
[SourceVersionDate "2012.11.22"]
[SourceQuality "1"]
[WhiteTeam "Polabiny II"]
[BlackTeam "Brno Duras"]
[WhiteTeamCountry "CZE"]
[BlackTeamCountry "CZE"]

1. d4 Nf6 2. Nf3 e6 3. Bg5 c5 4. Bxf6 Qxf6 5. e3 Nc6 6. c3 d5 7. Bb5 Bd6 8. Nbd2 0-0 9. 0-0 a6 10. Bxc6 bxc6 11. e4 Qf4 12. e5 Be7 13. Nb3 f6 14. exf6 Rxf6 15. Ne5 cxd4 16. cxd4 Bd6 17. g3 Qf5 18. f4 a5 19. Nxc6 Ba6 20. Rf2 g5 21. Ne5 Raf8 22. Rc1 gxf4 23. Rxf4 Qh3 24. Rxf6 Rxf6 25. Qg4+ Qxg4 26. Nxg4 Rg6 27. Ne5 Rg5 28. Rc6 Bxe5 29. Rxa6 Bg7 30. Rxa5 Rg4 31. Ra4 Kf7 32. Kf2 Re4 33. Kf3 Kg6 34. Nc5 Rxd4 35. Rxd4 Bxd4 36. Nxe6 Bxb2 37. Nf4+ Kf5 38. Nxd5 Bg7 39. Ne3+ Ke6 40. Ke4 h5 41. Nd5 h4 42. g4 h3 43. Nf4+ Kd6 44. Nxh3 Be5 45. a4 1-0

[Event "CZE-chT1E 1112"]
[Site "Czech Republic"]
[Date "2012.01.29"]
[Round "7"]
[White "Silar, Lubomir"]
[Black "Sikora, Jan"]
[Result "1/2-1/2"]
[WhiteElo "2154"]
[BlackElo "2251"]
[PlyCount "75"]
[EventDate "2011.10.02"]
[EventType "team-tourn"]
[EventRounds "11"]
[EventCountry "CZE"]
[SourceTitle "EXT 2013"]
[Source "ChessBase"]
[SourceDate "2012.11.22"]
[SourceVersion "1"]
[SourceVersionDate "2012.11.22"]
[SourceQuality "1"]
[WhiteTeam "Polabiny II"]
[BlackTeam "Trinec"]
[WhiteTeamCountry "CZE"]
[BlackTeamCountry "CZE"]

1. d4 Nf6 2. Nf3 g6 3. Nc3 b6 4. e4 Bb7 5. Bd3 Bg7 6. 0-0 0-0 7. Re1 d6 8. h3 e6 9. Bg5 Qc8 10. e5 dxe5 11. dxe5 Nfd7 12. Bf4 Nc6 13. Qe2 Nc5 14. Be4 Rd8 15. Rad1 Rxd1 16. Rxd1 Qe8 17. Bg5 h6 18. Bf4 Rd8 19. Rxd8 Qxd8 20. Bxc6 Bxc6 21. b4 Na4 22. Nxa4 Bxa4 23. Kh2 Bc6 24. b5 Bb7 25. Qd2 Qxd2 26. Nxd2 g5 27. Bg3 Bf8 28. f3 Bb4 29. Ne4 Bxe4 30. fxe4 Bc5 31. h4 Kg7 32. hxg5 hxg5 33. Kh3 Kg6 34. Kg4 Bg1 35. Be1 Bd4 36. Bg3 Bg1 37. Be1 Bd4 38. Bg3 1/2-1/2

[Event "CZE-chT2D 1112"]
[Site "Czech Republic"]
[Date "2011.12.04"]
[Round "4"]
[White "Silar, Lubomir"]
[Black "Cechura, Petr"]
[Result "1-0"]
[WhiteElo "2154"]
[BlackElo "2217"]
[PlyCount "79"]
[EventDate "2011.10.09"]
[EventType "team-tourn"]
[EventRounds "11"]
[EventCountry "CZE"]
[SourceTitle "EXT 2013"]
[Source "ChessBase"]
[SourceDate "2012.11.22"]
[SourceVersion "1"]
[SourceVersionDate "2012.11.22"]
[SourceQuality "1"]
[WhiteTeam "Polabiny III"]
[BlackTeam "Rychnov nad Kneznou"]
[WhiteTeamCountry "CZE"]
[BlackTeamCountry "CZE"]

1. d4 d5 2. Nf3 Nf6 3. c4 dxc4 4. Qa4+ Nbd7 5. Nc3 e6 6. e4 Be7 7. Bxc4 0-0 8. Qc2 c5 9. e5 Ne8 10. dxc5 Nxc5 11. 0-0 a6 12. b4 Nd7 13. Bd3 h6 14. a3 b5 15. Be4 Rb8 16. Be3 Qc7 17. Rfe1 Nb6 18. Qc1 Bb7 19. Bxh6 Bxe4 20. Nxe4 Qxc1 21. Bxc1 Nc7 22. Bg5 Bxg5 23. Nfxg5 Rfd8 24. f4 Nc4 25. Nc5 Ra8 26. g3 a5 27. Nb7 Rdb8 28. Nxa5 Nxa5 29. bxa5 Rxa5 30. Rec1 Nd5 31. Rc5 g6 32. Rb1 Kg7 33. Rb3 Rb7 34. Ne4 Rba7 35. Rcxb5 Rxa3 36. Rxa3 Rxa3 37. Rb7 Ra1+ 38. Kg2 Rc1 39. Nd6 Rc7 40. Ne8+ 1-0

[Event "CZE-chT2D 1112"]
[Site "Czech Republic"]
[Date "2011.11.06"]
[Round "2"]
[White "Silar, Lubomir"]
[Black "Stanek, Stanislav"]
[Result "0-1"]
[WhiteElo "2154"]
[BlackElo "2024"]
[PlyCount "120"]
[EventDate "2011.10.09"]
[EventType "team-tourn"]
[EventRounds "11"]
[EventCountry "CZE"]
[SourceTitle "EXT 2013"]
[Source "ChessBase"]
[SourceDate "2012.11.22"]
[SourceVersion "1"]
[SourceVersionDate "2012.11.22"]
[SourceQuality "1"]
[WhiteTeam "Polabiny III"]
[BlackTeam "Brno Lokomotiva"]
[WhiteTeamCountry "CZE"]
[BlackTeamCountry "CZE"]

1. d4 d6 2. e4 e5 3. dxe5 dxe5 4. Qxd8+ Kxd8 5. Bc4 f6 6. Ne2 Bd6 7. Be3 Ke7 8. 0-0 Be6 9. Bxe6 Kxe6 10. c4 Na6 11. Nbc3 c6 12. Rfd1 Ne7 13. a3 Bc5 14. Bxc5 Nxc5 15. b4 Na6 16. Rd3 Rad8 17. Rad1 Rxd3 18. Rxd3 Nc8 19. c5 Nc7 20. g3 Ke7 21. f4 g6 22. Kf2 h5 23. Kf3 g5 24. Nd1 Rd8 25. Rxd8 Kxd8 26. Ne3 Ke7 27. Nf5+ Kf7 28. fxe5 fxe5 29. Ke3 g4 30. Nc1 b6 31. Nd3 Kf6 32. Nd6 Nxd6 33. cxd6 Ne6 34. d7 Nd8 35. Nb2 Ke6 36. Nc4 b5 37. Nb2 Kxd7 38. Nd3 Kd6 39. Nf2 Ne6 40. h3 gxh3 41. Nxh3 c5 42. Kd3 c4+ 43. Kd2 Ke7 44. Nf2 Nd4 45. Nd1 Kf6 46. Nc3 Kg5 47. Nd5 Kg4 48. Nf6+ Kxg3 49. Nxh5+ Kf3 50. Nf6 Kf4 51. a4 a6 52. a5 Nc6 53. Kc3 Ke3 54. Nd7 Kxe4 55. Nc5+ Kf3 56. Nxa6 e4 57. Nc5 e3 58. a6 e2 59. Kd2 c3+ 60. Ke1 Nxb4 0-1

[Event "CZE-chT2D 1112"]
[Site "Czech Republic"]
[Date "2011.10.09"]
[Round "1"]
[White "Tajovsky, Martin"]
[Black "Silar, Lubomir"]
[Result "1-0"]
[WhiteElo "2175"]
[BlackElo "2154"]
[PlyCount "97"]
[EventDate "2011.10.09"]
[EventType "team-tourn"]
[EventRounds "11"]
[EventCountry "CZE"]
[SourceTitle "EXT 2013"]
[Source "ChessBase"]
[SourceDate "2012.11.22"]
[SourceVersion "1"]
[SourceVersionDate "2012.11.22"]
[SourceQuality "1"]
[WhiteTeam "Brno Duras II"]
[BlackTeam "Polabiny III"]
[WhiteTeamCountry "CZE"]
[BlackTeamCountry "CZE"]

1. d4 d5 2. c4 e6 3. Nc3 Nf6 4. Bg5 Nbd7 5. cxd5 exd5 6. e3 c6 7. Bd3 Be7 8. Nf3 0-0 9. 0-0 h6 10. Bf4 Re8 11. h3 Nf8 12. Rb1 Ne6 13. Be5 Nd7 14. Bh2 Bf6 15. b4 Ng5 16. Nxg5 Bxg5 17. b5 Qa5 18. Qb3 Nf6 19. bxc6 bxc6 20. Rfc1 h5 21. Na4 Bd7 22. Nc5 Bc8 23. Qc3 Qxc3 24. Rxc3 Ne4 25. Nxe4 dxe4 26. Be2 Be6 27. a4 Bd5 28. Bxh5 g6 29. Be2 Re6 30. Ba6 Rae8 31. Bb7 f5 32. Rbc1 Kf7 33. Bxc6 Bxc6 34. Rxc6 Rxc6 35. Rxc6 Re6 36. d5 Rxc6 37. dxc6 Ke6 38. Kf1 Be7 39. Ke2 Bb4 40. f3 a6 41. fxe4 fxe4 42. Kf2 g5 43. Bb8 Bc5 44. g3 Bb6 45. h4 g4 46. Bf4 Bc5 47. Ke2 Bb4 48. Kd1 Be7 49. Kc2 1-0

[Event "CZE-chT2D 0809"]
[Site "Czech Republic"]
[Date "2009.02.08"]
[Round "8.8"]
[White "Silar, Lubomir"]
[Black "Messerschmidt, Stanislav"]
[Result "0-1"]
[WhiteElo "2168"]
[BlackElo "1974"]
[PlyCount "98"]
[EventDate "2008.10.12"]
[EventType "team-tourn"]
[EventRounds "11"]
[EventCountry "CZE"]
[SourceTitle "EXT 2010"]
[Source "ChessBase"]
[SourceDate "2010.11.25"]
[SourceVersion "1"]
[SourceVersionDate "2010.11.25"]
[SourceQuality "1"]

1. d4 g6 2. e4 c6 3. Nc3 Bg7 4. Nf3 d5 5. Be2 Bg4 6. exd5 cxd5 7. Ne5 Bxe2 8. Qxe2 a6 9. Qf3 Nf6 10. Bg5 0-0 11. 0-0 Nc6 12. Rad1 Qd6 13. Bxf6 exf6 14. Nxc6 bxc6 15. Na4 f5 16. c3 Rfe8 17. Nc5 Qc7 18. Rfe1 Bf8 19. Rxe8 Rxe8 20. Nd3 Bd6 21. g3 Re4 22. Re1 h5 23. Qd1 f4 24. gxf4 Bxf4 25. Rxe4 Bxh2+ 26. Kh1 dxe4 27. Nc5 e3 28. fxe3 Qg3 29. Qf1 Qh4 30. Kg2 Qg3+ 31. Kh1 Qh4 32. Kg2 Bd6 33. Qxa6 Qg3+ 34. Kf1 Qf3+ 35. Ke1 Bxc5 36. dxc5 Qxe3+ 37. Kd1 Qxc5 38. Qc8+ Kg7 39. a4 Qc4 40. a5 Qd5+ 41. Kc2 Qxa5 42. Qxc6 Qf5+ 43. Kd2 Qf2+ 44. Kd3 Qxb2 45. Qd6 Qb1+ 46. Kd2 Qe4 47. Qd7 h4 48. Qd6 h3 49. Qb8 g5 0-1

[Event "CZE-chT2D 0809"]
[Site "Czech Republic"]
[Date "2009.01.11"]
[Round "6.7"]
[White "Hromadko, Martin"]
[Black "Silar, Lubomir"]
[Result "0-1"]
[WhiteElo "2006"]
[BlackElo "2168"]
[PlyCount "84"]
[EventDate "2008.10.12"]
[EventType "team-tourn"]
[EventRounds "11"]
[EventCountry "CZE"]
[SourceTitle "EXT 2010"]
[Source "ChessBase"]
[SourceDate "2010.11.25"]
[SourceVersion "1"]
[SourceVersionDate "2010.11.25"]
[SourceQuality "1"]

1. e4 c5 2. Nf3 Nc6 3. Nc3 g6 4. d3 Bg7 5. Bf4 d6 6. Be2 Nf6 7. Qd2 h6 8. 0-0 e5 9. Bg3 Bg4 10. Nh4 Bxe2 11. Nxe2 Nh5 12. c3 0-0 13. Rad1 d5 14. Nf3 f5 15. exf5 gxf5 16. Bh4 Qe8 17. Ne1 f4 18. f3 d4 19. Nc2 Qf7 20. c4 Bf6 21. Qe1 Qe7 22. Bf2 Kh8 23. g4 fxg3 24. Bxg3 Rg8 25. Kh1 Nd8 26. Qf2 Qe6 27. f4 e4 28. Ne1 exd3 29. Nxd3 Re8 30. Ne5 Nc6 31. Qf3 Nxg3+ 32. Nxg3 Bxe5 33. fxe5 Nxe5 34. Qf6+ Qxf6 35. Rxf6 Ng4 36. Rf4 Ne3 37. Rg1 Rf8 38. Rh4 Rf6 39. Ne4 Rc6 40. Nxc5 Nf5 41. Rf4 Rxc5 42. Rgf1 Ne3 0-1

[Event "CZE-chT2D 0809"]
[Site "Czech Republic"]
[Date "2008.12.07"]
[Round "4.7"]
[White "Obrslik, Jiri"]
[Black "Silar, Lubomir"]
[Result "0-1"]
[WhiteElo "1756"]
[BlackElo "2168"]
[PlyCount "88"]
[EventDate "2008.10.12"]
[EventType "team-tourn"]
[EventRounds "11"]
[EventCountry "CZE"]
[SourceTitle "EXT 2010"]
[Source "ChessBase"]
[SourceDate "2010.11.25"]
[SourceVersion "1"]
[SourceVersionDate "2010.11.25"]
[SourceQuality "1"]

1. c4 e5 2. Nc3 Nf6 3. g3 d5 4. cxd5 Nxd5 5. Bg2 Nb6 6. Nf3 Nc6 7. 0-0 Be6 8. d3 Be7 9. b3 0-0 10. Bb2 f5 11. Rc1 Bf6 12. Qd2 Rf7 13. Rfd1 g5 14. Ne1 Nd5 15. Nxd5 Bxd5 16. e4 fxe4 17. dxe4 Be6 18. Qxd8+ Rxd8 19. Rxd8+ Bxd8 20. Nd3 Bf6 21. Nc5 Bc8 22. Bf1 Re7 23. Bc4+ Kg7 24. Rd1 Nd4 25. Kg2 b6 26. Nd3 Bg4 27. Re1 Bf3+ 28. Kf1 c5 29. Re3 Bg4 30. Ne1 h5 31. f3 Bc8 32. Kf2 g4 33. f4 exf4 34. gxf4 Bb7 35. e5 Bh4+ 36. Kf1 b5 37. Bd3 Rf7 38. f5 Nxf5 39. e6+ Kf8 40. Bxf5 Rxf5+ 41. Ke2 Rf2+ 42. Kd1 Rxb2 43. e7+ Ke8 44. Nd3 Rxa2 0-1

[Event "CZE-chT2c 0607"]
[Site "Czech Republic"]
[Date "2007.03.25"]
[Round "10.6"]
[White "Buchar, Petr"]
[Black "Silar, Lubomir"]
[Result "0-1"]
[WhiteElo "2101"]
[BlackElo "2153"]
[PlyCount "80"]
[EventDate "2006.10.15"]
[EventType "team"]
[EventRounds "11"]
[EventCountry "CZE"]
[SourceTitle "EXT 2008"]
[Source "ChessBase"]
[SourceDate "2007.11.25"]
[SourceVersion "1"]
[SourceVersionDate "2007.11.25"]
[SourceQuality "1"]
[WhiteTeam "Vrchlabi"]
[BlackTeam "Polabiny II"]
[WhiteTeamCountry "CZE"]
[BlackTeamCountry "CZE"]

1. f4 Nf6 2. Nf3 c5 3. g3 g6 4. Bg2 Bg7 5. d3 Nc6 6. e4 d6 7. 0-0 0-0 8. c3 c4 9. e5 dxe5 10. fxe5 Ng4 11. d4 Bf5 12. h3 Nh6 13. g4 Bd3 14. Re1 Qa5 15. b4 Qc7 16. Bf4 f5 17. Qd2 fxg4 18. hxg4 Nxg4 19. Ng5 Qd7 20. Na3 Nxd4 21. cxd4 Qxd4+ 22. Be3 Qxe5 23. Nf3 Qg3 24. Bf2 Bd4 25. Bxd4 Rxf3 26. Be5 Nxe5 27. Rxe5 Qxe5 28. Bxf3 Qxa1+ 29. Kh2 Qe5+ 30. Kg2 Rf8 31. Bxb7 Be4+ 32. Bxe4 Qxe4+ 33. Kg1 Qd3 34. Qxd3 cxd3 35. Nc4 Rc8 36. Ne3 Rc2 37. a4 d2 38. Kf1 Ra2 39. a5 Rb2 40. Ke2 Rxb4 0-1

[Event "Usti nad Orlici op"]
[Site "Usti nad Orlici"]
[Date "2006.05.04"]
[Round "7"]
[White "Macek, Kamil"]
[Black "Silar, Lubomir"]
[Result "1/2-1/2"]
[WhiteElo "1930"]
[BlackElo "2127"]
[PlyCount "78"]
[EventDate "2006.04.29"]
[EventType "swiss"]
[EventRounds "9"]
[EventCountry "CZE"]
[SourceTitle "CBM 112 Extra"]
[Source "ChessBase"]
[SourceDate "2006.07.14"]
[SourceVersion "1"]
[SourceVersionDate "2006.07.14"]
[SourceQuality "1"]

1. e4 e6 2. d4 d5 3. Nd2 Nf6 4. e5 Nfd7 5. Bd3 c5 6. c3 Nc6 7. Ne2 cxd4 8. cxd4 Qb6 9. Nf3 Bb4+ 10. Bd2 Bxd2+ 11. Qxd2 Qb4 12. 0-0 Qxd2 13. Nxd2 Nb6 14. Rac1 Bd7 15. a3 Ke7 16. Rc2 Rac8 17. Rfc1 g6 18. Nb3 h6 19. Nc5 Rc7 20. b4 Nb8 21. f4 Rhc8 22. Kf2 Kd8 23. g4 Na4 24. Ke3 b6 25. Nxa4 Bxa4 26. Rxc7 Rxc7 27. Rxc7 Kxc7 28. f5 Bd1 29. fxg6 fxg6 30. g5 Bxe2 31. Bxe2 Kd8 32. h4 Ke7 33. a4 a5 34. bxa5 bxa5 35. Bb5 Nd7 36. Kf4 Nf8 37. Kg4 Kf7 38. h5 Ke7 39. Bd3 Kf7 1/2-1/2

[Event "Usti nad Orlici op"]
[Site "Usti nad Orlici"]
[Date "2006.05.01"]
[Round "4"]
[White "Silar, Lubomir"]
[Black "Kalousek, Vladimir"]
[Result "1/2-1/2"]
[WhiteElo "2127"]
[BlackElo "2058"]
[PlyCount "21"]
[EventDate "2006.04.29"]
[EventType "swiss"]
[EventRounds "9"]
[EventCountry "CZE"]
[SourceTitle "CBM 112 Extra"]
[Source "ChessBase"]
[SourceDate "2006.07.14"]
[SourceVersion "1"]
[SourceVersionDate "2006.07.14"]
[SourceQuality "1"]

1. d4 d5 2. Nf3 Nf6 3. c4 g6 4. Nc3 Bg7 5. Bf4 0-0 6. e3 c5 7. cxd5 Nxd5 8. Be5 Bxe5 9. Nxe5 cxd4 10. Qxd4 Nxc3 11. bxc3 1/2-1/2

[Event "Usti nad Orlici op"]
[Site "Usti nad Orlici"]
[Date "2006.04.29"]
[Round "1"]
[White "Friml, Antonin"]
[Black "Silar, Lubomir"]
[Result "1/2-1/2"]
[WhiteElo "2189"]
[BlackElo "2127"]
[PlyCount "141"]
[EventDate "2006.04.29"]
[EventType "swiss"]
[EventRounds "9"]
[EventCountry "CZE"]
[SourceTitle "CBM 112 Extra"]
[Source "ChessBase"]
[SourceDate "2006.07.14"]
[SourceVersion "1"]
[SourceVersionDate "2006.07.14"]
[SourceQuality "1"]

1. e4 e6 2. d4 d5 3. Nc3 Nf6 4. Bd3 dxe4 5. Nxe4 Nbd7 6. Nf3 Nxe4 7. Bxe4 Nf6 8. Bd3 Be7 9. 0-0 0-0 10. Qe2 b6 11. b3 Bb7 12. Bb2 Bxf3 13. Qxf3 Qd5 14. Qe2 Qh5 15. Qxh5 Nxh5 16. Rad1 Nf4 17. Be4 Rad8 18. g3 Ng6 19. Bc1 c5 20. d5 exd5 21. Bxd5 Bf6 22. Be3 Bd4 23. c4 Bxe3 24. fxe3 Rde8 25. e4 Re7 26. a3 Ne5 27. b4 Rc8 28. b5 g6 29. a4 Rcc7 30. Rf2 Kg7 31. h3 h6 32. Kg2 Rcd7 33. Ra1 Rc7 34. a5 bxa5 35. Rxa5 Nd3 36. Rd2 Ne5 37. Ra6 Nd7 38. Rf2 Nb6 39. Ra3 Nd7 40. Raf3 Ne5 41. Ra3 Nd7 42. Ra6 Nb6 43. Rfa2 Red7 44. Kf3 Re7 45. h4 h5 46. Kf4 Red7 47. Rg2 Rd6 48. Rga2 Rdd7 49. g4 hxg4 50. Kxg4 Re7 51. Kf4 Rcd7 52. Rg2 f6 53. Ra3 Kh6 54. Rag3 Rg7 55. Rd3 Rde7 56. Rf3 Nd7 57. Ra3 Nb6 58. Kg4 f5+ 59. exf5 gxf5+ 60. Kh3 Rxg2 61. Kxg2 Nxd5 62. cxd5 Rd7 63. Ra6+ Kh5 64. Kf3 c4 65. d6 c3 66. Ke3 f4+ 67. Kxf4 c2 68. Rc6 Rxd6 69. Rxc2 Rb6 70. Rc5+ Kxh4 71. Ke5 1/2-1/2